000 00680nam a22001817a 4500
005 20251108174611.0
008 250721s2008 xx 000 0 ara d
082 1 4 _a519.54/مني
100 1 _aالمنيزل، عبد الله فلاح
_eمؤلف
245 1 0 _aالإحصاء الإستدلالي و تطبيقاته في الحاسوب باستخدام الرزم الإحصائية SPSS /
264 1 _aعمان :
_bإثراء للنشر و التوزيع،
_c2008.
300 _a740 ص.
650 1 7 _aالاحصاا الوصفي
650 1 7 _aالاستدلال الاحصااي
650 1 7 _aالبيانات الاحصاايه
942 _2ddc
_cBK
999 _c113289
_d113289